<?xml version="1.0" encoding="UTF-8"?><?xml-stylesheet type="text/xsl" href="static/style.xsl"?><OAI-PMH xmlns="http://www.openarchives.org/OAI/2.0/" xmlns:xsi="http://www.w3.org/2001/XMLSchema-instance" xsi:schemaLocation="http://www.openarchives.org/OAI/2.0/ http://www.openarchives.org/OAI/2.0/OAI-PMH.xsd"><responseDate>2026-06-02T10:58:50Z</responseDate><request verb="GetRecord" identifier="oai:riuma.uma.es:10630/25046" metadataPrefix="marc">https://riuma.uma.es/rest/oai/request</request><GetRecord><record><header><identifier>oai:riuma.uma.es:10630/25046</identifier><datestamp>2026-02-03T11:55:26Z</datestamp><setSpec>com_10630_2254</setSpec><setSpec>col_10630_37959</setSpec></header><metadata><record xmlns="http://www.loc.gov/MARC21/slim" xmlns:dcterms="http://purl.org/dc/terms/" xmlns:doc="http://www.lyncode.com/xoai" xmlns:xsi="http://www.w3.org/2001/XMLSchema-instance" xsi:schemaLocation="http://www.loc.gov/MARC21/slim http://www.loc.gov/standards/marcxml/schema/MARC21slim.xsd">
   <leader>00925njm 22002777a 4500</leader>
   <datafield ind2=" " ind1=" " tag="042">
      <subfield code="a">dc</subfield>
   </datafield>
   <datafield ind2=" " ind1=" " tag="720">
      <subfield code="a">Díaz-Durán, María Dolores</subfield>
      <subfield code="e">author</subfield>
   </datafield>
   <datafield ind2=" " ind1=" " tag="260">
      <subfield code="c">2022-06</subfield>
   </datafield>
   <datafield ind2=" " ind1=" " tag="520">
      <subfield code="a">La aparición de nuevas formas de atender a nuestro alumnado a través de aplicaciones online ha exigido una renovación didáctica por parte del profesorado universitario. La situación pandémica actual ha generado un debate sobre las mejores formas de atender a nuestro alumnado. Han surgido metodologías docentes nuevas y, algunas que ya se habían iniciado anteriormente han cobrado una mayor relevancia. Así podemos encontrar: metodologías creativas, aprendizaje en la naturaleza, aprendizaje servicio, aula invertida, modelos híbridos de aprendizaje, trabajo por proyectos, aprendizaje adaptativo, teatro social, neurociencia educativa, etc.&#xd;
En este trabajo se exponen las potencialidades teóricas y prácticas de las experiencias presenciales y online con discentes de centros educativos.&#xd;
Las experiencias que aquí presento son la que he llevado a cabo en la asignatura de Orientación Educativa del grado de Pedagogía como forma de adaptarme a las necesidades de mi alumnado logrando que adquieran las competencias requeridas para su correcta formación.</subfield>
   </datafield>
   <datafield ind1="8" ind2=" " tag="024">
      <subfield code="a">https://hdl.handle.net/10630/25046</subfield>
   </datafield>
   <datafield tag="653" ind2=" " ind1=" ">
      <subfield code="a">Pedagogía - Congresos</subfield>
   </datafield>
   <datafield ind2="0" ind1="0" tag="245">
      <subfield code="a">Didácticas alternativas para prácticas pedagógicas cambiantes</subfield>
   </datafield>
</record>
</metadata></record></GetRecord></OAI-PMH>